| 000 | 00704ctc a22001935a 4500 | ||
|---|---|---|---|
| 001 | L141357 | ||
| 008 | 071119s1858 xxk eng u | ||
| 035 | _a(Sirsi) u141357 | ||
| 041 | 0 | _aeng | |
| 245 | 0 | 1 |
_a[Collection of material relating to the history of Hammersmith Chapel and surrounding area] _h[manuscript] |
| 260 | _cca. 1858 | ||
| 300 |
_a4 items _c19 x 11 cm. |
||
| 340 | _aInk on paper | ||
| 351 | _cFonds | ||
| 500 | _aCorrespondence and notes found inserted inside the second (unmarked) copy of Thomas Faulkner's 'The history and antiquities of Hammersmith' (1839) when it was sent for rebinding in December 1975. | ||
| 651 | 4 | _aLondon | |
| 690 | _aBUILT ENVIRONMENT | ||
| 942 | _n0 | ||
| 999 |
_c116713 _d116713 |
||